The optics of Ibn al-Haytham : (Record no. 3926)

MARC details
000 -LEADER
fixed length control field 01345nac a2200349 i 4500
003 - CONTROL NUMBER IDENTIFIER
control field EG-ScBUE
005 - DATE AND TIME OF LATEST TRANSACTION
control field 20250615093152.0
008 - FIXED-LENGTH DATA ELEMENTS--GENERAL INFORMATION
fixed length control field 150827t1989 enka f b 001 0 eng d
020 ## - INTERNATIONAL STANDARD BOOK NUMBER
International Standard Book Number 0854810722
035 ## - SYSTEM CONTROL NUMBER
System control number (OCoLC)ocm24910015
040 ## - CATALOGING SOURCE
Original cataloging agency EG-ScBUE
Language of cataloging eng
Description conventions rda
Transcribing agency EG-ScBUE
Modifying agency EG-ScBUE
041 1# - LANGUAGE CODE
Language code of text/sound track or separate title eng
Language code of original and/or intermediate translations of text ara
082 04 - DEWEY DECIMAL CLASSIFICATION NUMBER
Classification number 535.09021
Item number OPT
Edition number 22
245 04 - TITLE STATEMENT
Title The optics of Ibn al-Haytham :
Remainder of title books I-III on direct vision /
Statement of responsibility, etc translated with introduction and commentary by A.I. Sabra, Harvard University.
246 30 - VARYING FORM OF TITLE
Title proper/short title On direct vision
246 30 - VARYING FORM OF TITLE
Title proper/short title Ibn al-Haytham, optics
246 30 - VARYING FORM OF TITLE
Title proper/short title Manazir
264 #1 - PUBLICATION, DISTRIBUTION, ETC. (IMPRINT)
Place of publication, distribution, etc London :
Name of publisher, distributor, etc Warburg Institute :
-- University of London,
Date of publication, distribution, etc 1989.
300 ## - PHYSICAL DESCRIPTION
Extent 2 volumes :
Other physical details illustrations ;
Dimensions 26 cm.
336 ## - CONTENT TYPE
Source rdacontent
Content type term text
Content type code txt
337 ## - MEDIA TYPE
Media type term unmediated
Source rdamedia
Media type code n
338 ## - CARRIER TYPE
Carrier type term volume
Carrier type code nc
Source rdacarrier
490 0# - SERIES STATEMENT
Series statement Studies of the Warburg Institute ;
Volume number/sequential designation vol 40
504 ## - BIBLIOGRAPHY, ETC. NOTE
Bibliography, etc Includes bibliographical references and indexes.
505 0# - FORMATTED CONTENTS NOTE
Formatted contents note Volume1. Translation -- Volume 2. Introduction, commentary, glossaries, concordance, indices.
546 ## - LANGUAGE NOTE
Language note Text in English ; translated from the original Arabic language.<br/>
650 #7 - SUBJECT ADDED ENTRY--TOPICAL TERM
Topical term or geographic name as entry element Optics
Form subdivision Early works to 1800.
Source of heading or term BUEsh
653 ## - INDEX TERM--UNCONTROLLED
Resource For college Pharmacy
-- Nursing
Arrived date list August2015
655 ## - INDEX TERM--GENRE/FORM
Form subdivision Reading book
700 1# - ADDED ENTRY--PERSONAL NAME
Personal name Sabra, A. I.
Relator term translator.
9 (RLIN) 6647
942 ## - ADDED ENTRY ELEMENTS (KOHA)
Koha item type Book - Borrowing
Source of classification or shelving scheme Dewey Decimal Classification
Holdings
Withdrawn status Lost status Source of classification or shelving scheme Damaged status Not for loan Home library Current library Shelving location Date acquired Source of acquisition Total Checkouts Full call number Barcode Date last seen Koha item type Public note
    Dewey Decimal Classification     Central Library Central Library First floor 06/08/2007 Purchase   535.09021 OPT 000005085 15/07/2025 Book - Borrowing Vol. 1
    Dewey Decimal Classification     Central Library Central Library First floor 27/08/2015 Purchase   535.09021 OPT 000005086 15/07/2025 Book - Borrowing Vol. 2